Načítá se...

Asamayam/

Podrobná bibliografie
Hlavní autor: Habeeci
Médium: Printed Book
Jazyk:Malayalam
Vydáno: Kannur: New Books, 2013.
Vydání:1st ed.
Témata:
LEADER 00548nam a22001817a 4500
008 181107b ||||| |||| 00| 0 mal d
999 |c 299518  |d 299518 
020 |a 9789382279032 
082 |a 853.5H4 
100 |a Habeeci 
245 |a Asamayam/ 
250 |a 1st ed. 
260 |a Kannur:  |b New Books,  |c 2013. 
300 |b 176p. 
546 |a In Malayalam 
653 |a Novel 
942 |c BK 
952 |0 0  |1 0  |2 ddc  |4 0  |6 853_000000000000000_5H4_ASA  |7 0  |9 341335  |a MAL  |b MAL  |c ST1  |d 2018-11-07  |g 145.00  |i G528  |l 2  |o 853.5H4 ASA  |p MALG528  |r 2019-05-15  |s 2019-03-28  |w 2018-11-07  |y BK